| 000 | 00360nam a2200145Ia 4500 | ||
|---|---|---|---|
| 008 | 230312s9999||||xx |||||||||||||| ||und|| | ||
| 020 | _a0-07-148836-5 | ||
| 082 |
_a621.381 _bSIC-A |
||
| 100 | _aSicard;Etienne | ||
| 245 | 0 | _aAdvanced CMOS cell design | |
| 260 |
_bMcgraw hill _aIndia _c2007 |
||
| 300 | _a364 | ||
| 650 |
_aEngineering _vAvionics |
||
| 942 | _cBK | ||
| 999 |
_c12466 _d12466 |
||